| 000 | 00591nam a2200193Ia 4500 | ||
|---|---|---|---|
| 003 | GCL | ||
| 008 | 140319s9999 xx 000 0 ara d | ||
| 040 |
_aGCL / _cGCL |
||
| 082 | 0 | 4 |
_a809.23 _bس م |
| 100 | 1 | _aسعيد مراد | |
| 245 | 1 | 0 |
_aمقالات فى السينما العربية: قضايا وافلام واحاديث / _cسعيد مراد |
| 300 | _a256 ص | ||
| 490 |
_aالكتاب الجديد _v0 |
||
| 650 | 0 | 4 | _aالسينما |
| 650 | 0 | 4 | _aالسينما - نقد |
| 650 | 0 | 4 | _aالسينما - مصر |
| 650 | 0 | 4 | _aالسينما - مقالات |
| 942 |
_2ddc _cBK |
||
| 999 |
_c47848 _d47848 |
||